Wes Anderson’s Favourite Actors - Statistics

General Stats
  • This quiz has been taken 46 times
  • The average score is 8 of 20
Answer Stats
Number of Movies Actor Name % Correct
10 Bill Murray
100%
7 Owen Wilson
95%
7 Jason Schwartzman
92%
5 Adrien Brody
90%
6 Willem Dafoe
64%
5 Edward Norton
62%
3 Scarlett Johansson
59%
4 Anjelica Huston
51%
5 Tilda Swinton
51%
4 Jeff Goldblum
41%
3 Bryan Cranston
36%
5 Bob Balaban
26%
3 Harvey Keitel
18%
3 Mathieu Amalric
13%
3 Rupert Friend
13%
3 Seymour Cassel
10%
4 Kumar Pallana
8%
4 Fisher Stevens
5%
4 Wallace Wolodarsky
5%
3 Waris Ahluwalia
5%
No matching quizzes found
Score Distribution
Percent of People with Each Score
Percentile by Number Answered
Your Score History
You have not taken this quiz